| 000 | 00716cac a22002171u 4500 | ||
|---|---|---|---|
| 090 | _c7158 | ||
| 008 | 081126t 1995xxu||||| |||| 00| 0 eng d | ||
| 010 | _a 94028905 | ||
| 020 | _a0538838833 | ||
| 082 | 0 | 0 |
_a657.45 _bRIC |
| 100 | _aRicchiute, David N. | ||
| 245 | 1 | 0 |
_aAuditing / _cDavid N. Ricchiute. |
| 250 | _a4th ed. | ||
| 260 |
_aCincinnati, Ohio : _bSouth-Western College, _c1995. |
||
| 260 | _bDistributer: Al-Ahram | ||
| 300 |
_axxii, 810 p. : _bill. ; _c24 cm. |
||
| 500 | _aIncludes index. | ||
| 650 | 0 | _aAuditing. | |
| 942 |
_cBB _k657.45RIC _2ddc |
||
| 999 |
_c7158 _d7158 |
||